[Event "Mumbai Wealth op U13"]
[Site "Mumbai"]
[Date "2016.01.31"]
[Round "4"]
[White "Chitnis, Kanika"]
[Black "Gada, Vaarin"]
[Result "0-1"]
[WhiteElo "1082"]
[BlackElo "1223"]
[PlyCount "31"]
[EventDate "2016.01.28"]
[EventType "swiss"]
[EventRounds "9"]
[EventCountry "IND"]
[SourceTitle "CBM 170 Extra"]
[Source "ChessBase"]
[SourceDate "2016.02.25"]
[SourceVersion "1"]
[SourceVersionDate "2016.02.25"]
[SourceQuality "1"]

1. e4 e5 2. Nf3 Nc6 3. d4 exd4 4. Bc4 d6 5. c3 dxc3 6. Nxc3 Be7 7. Bf4 Bg4 8. Bb5 Bf6 9. Qd3 Bxf3 10. Qxf3 Nge7 11. 0-0 0-0 12. Rad1 a6 13. Bd3 Ng6 14. Bd2 Nce5 15. Qe2 Nxd3 16. Qxd3 0-1

[Event "Mumbai Wealth op U13"]
[Site "Mumbai"]
[Date "2016.01.28"]
[Round "1"]
[White "Ghelani, Dhairya"]
[Black "Chitnis, Kanika"]
[Result "1-0"]
[WhiteElo "1615"]
[BlackElo "1082"]
[PlyCount "117"]
[EventDate "2016.01.28"]
[EventType "swiss"]
[EventRounds "9"]
[EventCountry "IND"]
[SourceTitle "CBM 170 Extra"]
[Source "ChessBase"]
[SourceDate "2016.02.25"]
[SourceVersion "1"]
[SourceVersionDate "2016.02.25"]
[SourceQuality "1"]

1. d4 d5 2. c4 e6 3. Nc3 c6 4. cxd5 cxd5 5. Nf3 Nc6 6. e3 Bd7 7. Bd3 Bb4 8. Bd2 Nf6 9. Qc2 h6 10. 0-0 0-0 11. Rac1 Re8 12. Qb1 Qe7 13. a3 Bd6 14. e4 e5 15. dxe5 Nxe5 16. exd5 Nxf3+ 17. gxf3 Bh3 18. Rfe1 Qd7 19. Rxe8+ Rxe8 20. Bb5 Qc7 21. Ne4 Qb8 22. Nxd6 Qxd6 23. Qd3 Rc8 24. Rxc8+ Bxc8 25. Bc4 Nd7 26. Bb4 Qf6 27. Bc3 Qg5+ 28. Kf1 Nb6 29. Bb3 Bh3+ 30. Ke2 Qe7+ 31. Qe3 Qd7 32. Qd4 f6 33. d6+ Be6 34. Bxe6+ Qxe6+ 35. Kd1 Nd5 36. Bb4 Nxb4 37. Qxb4 Qd5+ 38. Kc2 Qf5+ 39. Kd2 Qd5+ 40. Ke3 Qe5+ 41. Kd3 Qd5+ 42. Qd4 Qb3+ 43. Kd2 Qb5 44. d7 Qa5+ 45. b4 Qd8 46. Qd5+ Kf8 47. Qxb7 Ke7 48. Qxa7 Qxd7+ 49. Qxd7+ Kxd7 50. a4 Kc6 51. Kd3 Kb6 52. Kd4 Kc6 53. a5 Kb5 54. Kd5 Ka6 55. Ke6 g5 56. Kxf6 Kb5 57. Kg6 Kxb4 58. a6 Kb5 59. a7 1-0